Secure algorithm for remote access services / (رقم التسجيلة. 2973)

تفاصيل مارك
000 -LEADER
fixed length control field 014440000a22003490004500
003 - CONTROL NUMBER IDENTIFIER
control field EG-GICUC
005 - DATE AND TIME OF LATEST TRANSACTION
control field 20250223024955.0
008 - FIXED-LENGTH DATA ELEMENTS--GENERAL INFORMATION
fixed length control field 070716s2007 ua d f m 000 0 eng d
040 ## - CATALOGING SOURCE
Original cataloging agency EG-GICUC
Language of cataloging eng
Transcribing agency EG-GICUC
041 0# - LANGUAGE CODE
Language code of text/sound track or separate title Eng
049 ## - LOCAL HOLDINGS (OCLC)
Holding library Deposite
097 ## - Thesis Degree
Thesis Level M.Sc
099 ## - LOCAL FREE-TEXT CALL NUMBER (OCLC)
Classification number Cai01.20.03.M.Sc.2007.Mo.S
100 0# - MAIN ENTRY--PERSONAL NAME
Personal name Mohammed Attya Khaliefa
245 10 - TITLE STATEMENT
Title Secure algorithm for remote access services /
Statement of responsibility, etc. Mohammed Attya Khaliefa ; Supervised Aly Aly Fahmy , Iman Aly Saroit Ismail , Tarek Abdelmeged
246 15 - VARYING FORM OF TITLE
Title proper/short title خوارزم امن لخدمات التعامل عن بعد
260 ## - PUBLICATION, DISTRIBUTION, ETC.
Place of publication, distribution, etc. Cairo :
Name of publisher, distributor, etc. Mohammed Attya Khaliefa ,
Date of publication, distribution, etc. 2007
300 ## - PHYSICAL DESCRIPTION
Extent 208P. :
Other physical details charts ;
Dimensions 30cm
502 ## - DISSERTATION NOTE
Dissertation note Thesis (M.Sc.) - Cairo University - Faculty Of Computers and Information - Department Of Computer Science
520 ## - SUMMARY, ETC.
Summary, etc. There is no doupt now that communications become one of the most important aspects in our life.It makes the world become so smaller easier and faster to communicate.this communications decrease a lot of efforts
530 ## - ADDITIONAL PHYSICAL FORM AVAILABLE NOTE
Additional physical form available note Issued Also as CD
653 #4 - INDEX TERM--UNCONTROLLED
Uncontrolled term Encryption
653 #4 - INDEX TERM--UNCONTROLLED
Uncontrolled term Network sewrity
653 #4 - INDEX TERM--UNCONTROLLED
Uncontrolled term Remote access services
700 0# - ADDED ENTRY--PERSONAL NAME
Personal name Aly Aly Fahmy ,
Relator term
700 0# - ADDED ENTRY--PERSONAL NAME
Personal name Iman Aly Saroit Ismail ,
Relator term
700 0# - ADDED ENTRY--PERSONAL NAME
Personal name Tarek Abdelmeged ,
Relator term
856 ## - ELECTRONIC LOCATION AND ACCESS
Uniform Resource Identifier <a href="http://172.23.153.220/th.pdf">http://172.23.153.220/th.pdf</a>
905 ## - LOCAL DATA ELEMENT E, LDE (RLIN)
Cataloger Mustafa
Reviser Revisor
905 ## - LOCAL DATA ELEMENT E, LDE (RLIN)
Cataloger Nazla
Reviser Cataloger
942 ## - ADDED ENTRY ELEMENTS (KOHA)
Source of classification or shelving scheme Dewey Decimal Classification
Koha item type Thesis
المقتنيات
Source of classification or shelving scheme Not for loan Home library Current library Date acquired Full call number Barcode Date last seen Koha item type Copy number
Dewey Decimal Classification   المكتبة المركزبة الجديدة - جامعة القاهرة قاعة الرسائل الجامعية - الدور الاول 11.02.2024 Cai01.20.03.M.Sc.2007.Mo.S 01010110047366000 22.09.2023 Thesis  
Dewey Decimal Classification   المكتبة المركزبة الجديدة - جامعة القاهرة مخـــزن الرســائل الجـــامعية - البدروم 11.02.2024 Cai01.20.03.M.Sc.2007.Mo.S 01020110047366000 22.09.2023 CD - Rom 47366.CD
Cairo University Libraries Portal Implemented & Customized by: Eng. M. Mohamady Contacts: new-lib@cl.cu.edu.eg | cnul@cl.cu.edu.eg
CUCL logo CNUL logo
© All rights reserved — Cairo University Libraries
CUCL logo
Implemented & Customized by: Eng. M. Mohamady Contact: new-lib@cl.cu.edu.eg © All rights reserved — New Central Library
CNUL logo
Implemented & Customized by: Eng. M. Mohamady Contact: cnul@cl.cu.edu.eg © All rights reserved — Cairo National University Library